Elektrické stroje (Působení, provedení a navrhování)

Bibliographic Details
Main Author: Cigánek, Ladislav, 1901-1975 (Author)
Format: Book
Language:Undetermined
Published: Praha Technicko-vědecké vydav. 1951

MARC

LEADER 00000nam a2200000 a 4500
001 vtls001306742
003 SK-MaSNL
005 20260301155724.0
008 240314s1951 xx 0 und
035 |a SNK000259003 
040 |a SNK  |b slo  |c SNK  |e AACR2 
100 1 |a Cigánek, Ladislav,  |d 1901-1975  |4 aut  |9 37263 
245 1 0 |a Elektrické stroje  |b (Působení, provedení a navrhování) 
260 |a Praha  |b Technicko-vědecké vydav.  |c 1951 
300 |a 801 s. 
999 |c 802401  |d 804331 
952 |t P60, <04>, [BOOK], {604}  |a SNK  |b SNK  |y VYP  |7 0  |p 17A0104084  |o snkID 37216  |0 0  |1 0  |4 0  |d 1997-10-20  |l 0  |r 2005-01-02 00:00:00  |w 2026-02-24